| Tag |
First Indicator |
Second Indicator |
Subfields |
| LEADER |
00000cam a2200000 a 4500 |
| 001 |
in00001388607 |
| 005 |
20151020051011.0 |
| 008 |
920930s1993 cau b 000 0 eng |
| 010 |
|
|
|a 92037085
|
| 015 |
|
|
|a GB93-36599
|
| 019 |
|
|
|a 28506401
|a 29360901
|
| 020 |
|
|
|a 0803960484
|
| 035 |
|
|
|a (OCoLC)26801177
|
| 035 |
|
|
|9 AHL7084AM
|
| 040 |
|
|
|a DLC
|c DLC
|d UKM
|d OHI
|d TXA
|d UtOrBLW
|
| 043 |
|
|
|a n-us---
|
| 049 |
|
|
|a TXAM
|
| 050 |
0 |
0 |
|a LB2838
|b .M376 1993
|
| 082 |
0 |
0 |
|a 371.1/44
|2 20
|
| 245 |
0 |
4 |
|a The Marginal teacher :
|b a step by step guide to fair procedures for identification and dismissal /
|c C. Edward Lawrence [and others].
|
| 264 |
|
1 |
|a Newbury Park, CA :
|b Corwin Press,
|c 1993.
|
| 300 |
|
|
|a xiii, 174 pages ;
|c 28 cm.
|
| 336 |
|
|
|a text
|b txt
|2 rdacontent
|
| 337 |
|
|
|a unmediated
|b n
|2 rdamedia
|
| 338 |
|
|
|a volume
|b nc
|2 rdacarrier
|
| 504 |
|
|
|a Includes bibliographical references.
|
| 650 |
|
0 |
|a Teachers
|x Rating of
|z United States.
|
| 650 |
|
0 |
|a Teachers
|x Dismissal of
|z United States.
|
| 653 |
0 |
|
|a Schools
|a Teachers
|a Assessment
|
| 653 |
0 |
|
|a Personnel
|a Dismissal
|
| 653 |
0 |
|
|a United States
|
| 700 |
1 |
|
|a Lawrence, C. Edward.
|
| 948 |
|
|
|a c:jlg
|
| 999 |
|
|
|a MARS
|
| 999 |
f |
f |
|s 104f92b2-4de2-3a3d-834f-551dcecf07e4
|i 132b055d-895a-35f8-aaa6-df4e9f9472db
|t 0
|
| 952 |
f |
f |
|p ric
|a Texas A&M University
|b Rellis Campus
|c Joint Library Facility
|d Remote Storage
|t 0
|e LB2838 .M376 1993
|h Library of Congress classification
|i unmediated -- volume
|m A14822540235
|
| 998 |
f |
f |
|a LB2838 .M376 1993
|t 0
|l Remote Storage
|